| 000 | 02287aam a2200349 i 4500 | ||
|---|---|---|---|
| 001 | 768714001 | ||
| 003 | CO-MdFUSB | ||
| 005 | 20231116112041.0 | ||
| 007 | ta | ||
| 008 | 230920t1976 -usa|||| |||| 00| 0 eng d | ||
| 020 | _a0804222355 | ||
| 040 |
_bspa. _aCO-MdFUSB _cCO-MdFUSB _dCO-MdFUSBC _erda |
||
| 041 |
_aeng _hfre |
||
| 082 | 0 | 4 |
_a253.52 _223 _bT728 |
| 100 | 1 |
_aTournier, Paul (1898-) _eautor |
|
| 240 | _aDifficultés cunjugales | ||
| 245 | 1 | 0 |
_aTo understand each other _c/ Paul Tournier ; traducido por John S. Gilmour |
| 264 | 1 |
_aRichmond, Virginia, USA : _bJohn Knox Press, _c[1967] |
|
| 264 | 4 | _c© 1967 | |
| 300 |
_a63 páginas _c; 21 cm |
||
| 336 |
_atexto _btxt _2rdacontent |
||
| 337 |
_2rdamedia _asin mediación _bn |
||
| 338 |
_2rdacarrier _avolumen _bnc |
||
| 505 | _aPara lograr la comprensión, necesitamos quererla. -- ¡Mi marido es una isla misteriosa! -- Para lograr la comprensión, necesitamos expresarnos. -- Para lograr la comprensión, necesitamos coraje. --ra lograr la comprensión, debemos aceptar nuestras diferencias naturales. --Para lograr la comprensión, debemos admitir cuán diferentes son los sexos. -- Para lograr la comprensión, debemos admitir nuestras diferencias en el amor mismo. -- Necesitamos entender para ayudarnos unos a otros. -- Para comprender, debemos captar la importancia del pasado. -- Comprensión completa: llama a la sumisión personal a Jesucristo | ||
| 520 | _aCuando hablamos de asesoramiento matrimonial pensamos inmediatamente en los casos extremos, en las amenazas de divorcio, en las parejas en disputas violentas que frecuentemente llegan a las manos, afirma Paul Tournier. Pero hay muchas otras parejas cuyos matrimonios no son menos un fracaso. Viven uno al lado del otro, sin hacerse daño unos a otros, pero en polos opuestos, debido a que no se entienden realmente entre sí. Según Tournier, la capacidad de comprenderse mutuamente es lo que cuenta para lograr juntos la felicidad conyugal. Con sabiduría y calidez, Tournier sugiere formas de lograr esta comprensión. | ||
| 563 | _aPasta dura | ||
| 650 | 7 |
_aMatrimonio _9291 _bCristianismo _xAspectos religiosos |
|
| 700 |
_98446 _aGilmour, John S., _etraductor |
||
| 942 | _cBK | ||
| 945 | _aJTF-925 | ||
| 999 |
_c32322 _d32322 |
||